Critical thinking / (Record no. 20352)
[ view plain ]
| 000 -LEADER | |
|---|---|
| fixed length control field | 01132cam a22003135a 4500 |
| 001 - CONTROL NUMBER | |
| control field | 016621329 |
| 003 - CONTROL NUMBER IDENTIFIER | |
| control field | OSt |
| 005 - DATE AND TIME OF LATEST TRANSACTION | |
| control field | 20160222143444.0 |
| 008 - FIXED-LENGTH DATA ELEMENTS--GENERAL INFORMATION | |
| fixed length control field | 140129t2015 nyua grbd 001 0 eng d |
| 020 ## - INTERNATIONAL STANDARD BOOK NUMBER | |
| International Standard Book Number | 9781259253959 (paperback) |
| 020 ## - INTERNATIONAL STANDARD BOOK NUMBER | |
| International Standard Book Number | 1259253953 (paperback) |
| 040 ## - CATALOGING SOURCE | |
| Original cataloging agency | StDuBDS |
| Language of cataloging | eng |
| Transcribing agency | StDuBDS |
| Modifying agency | Uk |
| -- | EG-ScBUE |
| 082 04 - DEWEY DECIMAL CLASSIFICATION NUMBER | |
| Classification number | 160 |
| Edition number | 22 |
| Item number | MOO |
| 100 1# - MAIN ENTRY--PERSONAL NAME | |
| Personal name | Moore, Brooke Noel. |
| 9 (RLIN) | 38940 |
| 245 10 - TITLE STATEMENT | |
| Title | Critical thinking / |
| Statement of responsibility, etc | Brooke Noel Moore, Richard Parker ; [contributor] Nina Rosenstand and Anita Silvers. |
| 250 ## - EDITION STATEMENT | |
| Edition statement | 11th ed., Mcgraw-Hill international ed. |
| 260 ## - PUBLICATION, DISTRIBUTION, ETC. (IMPRINT) | |
| Place of publication, distribution, etc | New York : |
| Name of publisher, distributor, etc | Mcgraw-Hill Education, |
| Date of publication, distribution, etc | c.2015. |
| 300 ## - PHYSICAL DESCRIPTION | |
| Extent | xxii, 484 p. : |
| Other physical details | ill. (some col.) ; |
| Dimensions | 26 cm. |
| 500 ## - GENERAL NOTE | |
| General note | Index : p. 477-484.<br/> |
| 500 ## - GENERAL NOTE | |
| General note | Glossary : p. 442-450. |
| 504 ## - BIBLIOGRAPHY, ETC. NOTE | |
| Bibliography, etc | Includes bibliographical references. |
| 650 #7 - SUBJECT ADDED ENTRY--TOPICAL TERM | |
| Topical term or geographic name as entry element | Critical thinking. |
| Source of heading or term | BUEsh |
| 9 (RLIN) | 20326 |
| 651 ## - SUBJECT ADDED ENTRY--GEOGRAPHIC NAME | |
| Source of heading or term | BUEsh |
| 653 ## - INDEX TERM--UNCONTROLLED | |
| Resource For college | |
| -- | BAEPS, Business Administration |
| Arrived date list | July2015 |
| -- | August2015 |
| -- | December2015 |
| -- | January2016 |
| -- | February2016 |
| 700 1# - ADDED ENTRY--PERSONAL NAME | |
| Personal name | Parker, Richard |
| Fuller form of name | (Richard B.), |
| 700 1# - ADDED ENTRY--PERSONAL NAME | |
| Personal name | Rosenstand, Nina, |
| Relator term | contributor. |
| 700 1# - ADDED ENTRY--PERSONAL NAME | |
| Personal name | Silvers, Anita, |
| Relator term | contributor. |
| 942 ## - ADDED ENTRY ELEMENTS (KOHA) | |
| Source of classification or shelving scheme | Dewey Decimal Classification |
| Withdrawn status | Lost status | Source of classification or shelving scheme | Damaged status | Not for loan | Koha collection | Home library | Current library | Shelving location | Date acquired | Source of acquisition | Cost, normal purchase price | Serial Enumeration / chronology | Total Checkouts | Full call number | Barcode | Date last seen | Date last borrowed | Cost, replacement price | Koha item type | Materials specified (bound volume or other part) | Total Renewals |
|---|---|---|---|---|---|---|---|---|---|---|---|---|---|---|---|---|---|---|---|---|---|
| Dewey Decimal Classification | Baccah | Central Library | Central Library | Lower Floor | 22/07/2015 | Purchase | 394.00 | 21762 | 1 | 160 MOO | 000039621 | 15/07/2025 | 09/04/2019 | 493.00 | Book - Borrowing | ||||||
| Lost | Dewey Decimal Classification | Baccah | Central Library | Central Library | Lower Floor | 03/08/2015 | Purchase | 394.00 | 21758 | 2 | 160 MOO | 000039015 | 11/06/2024 | 17/11/2018 | 493.00 | Book - Borrowing | Lost In Inventory 15-7-2025 | 14 | |||
| Dewey Decimal Classification | Academic Bookshop | Central Library | Central Library | Lower Floor | 22/02/2016 | Purchase | 330.00 | 4862 | 160 MOO | 000031648 | 15/07/2025 | 412.50 | Book - Borrowing |